书目信息 |
| 题名: |
闲章释义
|
|
| 作者: | 刘尚恒 著 | |
| 分册: | ||
| 出版信息: | 天津 百花文艺出版社 2007.05 |
|
| 页数: | 166页 | |
| 开本: | 23cm | |
| 丛书名: | ||
| 单 册: | ||
| 中图分类: | J292.42 | |
| 科图分类: | ||
| 主题词: | 汉字--han zi--印谱--中国 | |
| 电子资源: | ||
| ISBN: | 978-7-5306-4680-9 | |
| 000 | 00682nam0 2200217 450 | |
| 001 | 012007080168 | |
| 005 | 20071010160940.07 | |
| 010 | @a978-7-5306-4680-9@dCNY27.00 | |
| 100 | @a20070816d2007 km y0chiy0120 ea | |
| 101 | 0 | @achi |
| 102 | @aCN@b120000 | |
| 105 | @ay z 000yy | |
| 200 | 1 | @a闲章释义@Axian zhang shi yi@f刘尚恒著@Fliu shang heng zhu |
| 210 | @a天津@c百花文艺出版社@d2007.05 | |
| 215 | @a166页@d23cm | |
| 330 | @a本书将闲章内容归为十四种类型,介绍其印主及印文的来源、含义,涉及古今印主六七百人、闲章几千枚。 | |
| 606 | 0 | @a汉字@Ahan zi@x印谱@y中国 |
| 690 | @aJ292.42@v4 | |
| 701 | 0 | @a刘尚恒@Aliu shang heng@4著 |
| 801 | 0 | @aCN@c20071010 |
| 905 | @dJ292.42@eL672 | |
| 闲章释义/刘尚恒著.-天津:百花文艺出版社,2007.05 |
| 166页;23cm |
| ISBN 978-7-5306-4680-9:CNY27.00 |
| 本书将闲章内容归为十四种类型,介绍其印主及印文的来源、含义,涉及古今印主六七百人、闲章几千枚。 |
| ● |
| 相关链接 |
|
|
|
正题名:闲章释义
索取号:J292.42/L672
 
预约/预借
| 序号 | 登录号 | 条形码 | 馆藏地/架位号 | 状态 | 备注 |
| 1 | 253388 | 202533883 | 社科库309/309社科库 81排2列4层/ [索取号:J292.42/L672] | 在馆 | |
| 2 | 253389 | 202533892 | 社科库309/309社科库 81排2列4层/ [索取号:J292.42/L672] | 在馆 |